| 000 | 01005nam a22002897a 4500 | ||
|---|---|---|---|
| 001 | BR6100270 | ||
| 003 | BR-BrBNA | ||
| 005 | 20230928083357.0 | ||
| 007 | ta | ||
| 008 | 230509b bl.||||| |||| 00| 0 por d | ||
| 040 |
_aBR-BrBNA _bpor _cBiblioteca Nacional de Agricultura |
||
| 041 | _a(Por) | ||
| 072 |
_aH10 _b1624 _b4030 _b3877 |
||
| 090 | _ 1624 BR6100270 | ||
| 100 | 1 | _aRodrigues, M.G. | |
| 110 | 1 |
_aUniversidade Federal de Vicosa, MG (Brasil) _0Tese (Magister Scientiae) |
|
| 245 | 1 | _aEstudo sobre o controle do pulgao da couve, Brevicoryne brassical (L., 1967), com diversos inseticidas [Brassica oleracea, acaro, controle quimico] | |
| 260 | 3 |
_aVicosa, MG (Brasil): _c1961. |
|
| 300 | _a45 p. | ||
| 500 | _a8 illus.; 20 tables; 43 ref.; Summary (Por). (*) Documento disponível na(o) Universidade Federal de Vicosa, MG (Brazil) | ||
| 650 | _aINSETICIDA | ||
| 650 | _aCOUVE | ||
| 650 | _aPULGAO | ||
| 650 | _aCONTROLE QUIMICO | ||
| 909 |
_a202309 _bLucia _c55 _dLucia Elande |
||
| 942 | _cBK | ||
| 999 |
_c13132 _d13132 |
||